Loading...
| Fine Arts - Classical Music | 4 | 12.50 | 0% | 425% | 450% |
| Fine Arts - Other | 4 | 10.00 | 100% | 175% | 275% |
| Fine Arts - Painting & Sculpture | 6 | 18.33 | 4,583% | 567% | 400% |
| History - American | 5 | 10.00 | 1,620% | 360% | 300% |
| History - European | 5 | 18.00 | 5,160% | 340% | 500% |
| History - Other | 6 | 15.00 | 1,950% | 383% | 417% |
| History - World | 5 | 10.00 | 6,480% | 0% | 180% |
| Literature - American | 2 | 10.00 | 0% | 450% | 100% |
| Literature - British | 7 | 12.86 | 3,743% | 114% | 343% |
| Literature - European | 7 | 12.86 | 2,771% | 329% | 343% |
| Literature - World | 6 | 13.33 | 3,517% | 383% | 233% |
| Mythology | 3 | 13.33 | 3,767% | 0% | 500% |
| Other | 8 | 11.25 | 2,025% | 338% | 325% |
| Philosophy | 5 | 12.00 | 80% | 180% | 380% |
| Religion | 6 | 15.00 | 1,067% | 650% | 383% |
| Science - Biology | 4 | 12.50 | 2,825% | 0% | 650% |
| Science - Chemistry | 5 | 16.00 | 1,360% | 620% | 200% |
| Science - Other | 2 | 10.00 | 2,450% | 0% | 450% |
| Science - Physics | 4 | 17.50 | 2,125% | 525% | 400% |
| Social Science | 6 | 15.00 | 4,117% | 400% | 250% |